Faculty of Law Library — Cairo University

Official Online Catalog

Commentary on Egyptian Criminal Law : (Record no. 72520)

MARC details
000 -LEADER
fixed length control field 00946nam a2200277 i 4500
003 - CONTROL NUMBER IDENTIFIER
control field EG-GICUC
005 - DATE AND TIME OF LATEST TRANSACTION
control field 20260421092323.0
008 - FIXED-LENGTH DATA ELEMENTS--GENERAL INFORMATION
fixed length control field 260421s1925 au ||||fr|||| 001 0 eng d
040 ## - CATALOGING SOURCE
Original cataloging agency EG-GiCUC
Language of cataloging eng
Transcribing agency EG-GiCUC
Modifying agency EG-GiCUC
Description conventions rda
082 04 - DEWEY DECIMAL CLASSIFICATION NUMBER
Edition number 21
Classification number 343
Item number GO.C
092 04 - LOCALLY ASSIGNED DEWEY CALL NUMBER (OCLC)
Edition number 21
099 ## - LOCAL FREE-TEXT CALL NUMBER (OCLC)
Classification number Law 1 10 343 GO.C 1925
100 1# - MAIN ENTRY--PERSONAL NAME
Personal name Goadby, Frederic M.
245 ## - TITLE STATEMENT
Title Commentary on Egyptian Criminal Law :
Remainder of title and the related Criminal Law of Palestine, Cyprus, and Iraq /
Statement of responsibility, etc. Frederic M. Goadby
264 ## - PRODUCTION, PUBLICATION, DISTRIBUTION, MANUFACTURE, AND COPYRIGHT NOTICE
Place of production, publication, distribution, manufacture Cairo :
Name of producer, publisher, distributor, manufacturer Government Press,
Date of production, publication, distribution, manufacture, or copyright notice 1925.
300 ## - PHYSICAL DESCRIPTION
Extent 1073 pages :
Dimensions 24 cm
336 ## - CONTENT TYPE
Source rda content
Content type term text
337 ## - MEDIA TYPE
Source rda media
Media type term Computer
338 ## - CARRIER TYPE
Source rda carrier
Carrier type term Online Resource
504 ## - BIBLIOGRAPHY, ETC. NOTE
Bibliography, etc. note Includes bibliographical references and index.
650 1# - SUBJECT ADDED ENTRY--TOPICAL TERM
Topical term or geographic name entry element Criminal Law - The general part.
Source of heading or term qrmak
651 1# - SUBJECT ADDED ENTRY--GEOGRAPHIC NAME
Source of heading or term qrmak
856 40 - ELECTRONIC LOCATION AND ACCESS
Uniform Resource Identifier <a href="https://fll.law.cu.edu.eg/fulltext/bks/B10-09993.pdf">https://fll.law.cu.edu.eg/fulltext/bks/B10-09993.pdf</a>
905 ## - Cataloger and Reviser Names
Cataloger Name: Marihan Saeed
Revisor Name: Eman
942 ## - ADDED ENTRY ELEMENTS (KOHA)
Source of classification or shelving scheme Dewey Decimal Classification
Koha item type Books
Edition 21
Suppress in OPAC No
Holdings
Withdrawn status Lost status Source of classification or shelving scheme Damaged status Not for loan Collection Home library Current library Date acquired Total checkouts Full call number Barcode Date last seen Price effective from Koha item type Copy number
    Dewey Decimal Classification Damaged Not for loan القانون الجنائي جــــامعة القــاهرة مكتبة كلية الحقوق - المبنى الرئيسي 21.04.2026   Law 1 10 343 GO.C 1925 1009993 V3 C1 B10-09993 21.04.2026 21.04.2026 Books  
    Dewey Decimal Classification Damaged   القانون الجنائي جــــامعة القــاهرة مكتبة كلية الحقوق - المبنى الرئيسي 21.04.2026   Law 1 10 343 GO.C 1925 1010001 V3 C2 B10-10001 21.04.2026 21.04.2026 Books  
    Dewey Decimal Classification     القانون الجنائي مكتبة كلية الحقوق - فـرع الشيخ زايد مكتبة كلية الحقوق - المبنى الرئيسي 26.04.2026   Law 2 10 343 GO.C 1925 1011542 C3 B10-11542 26.04.2026 26.04.2026 Books 3

© All rights reserved — Faculty of Law, Cairo University